Art poétique / (Record no. 29042)
[ view plain ]
| 000 -LEADER | |
|---|---|
| fixed length control field | 00861nam a2200241 a 4500 |
| 001 - CONTROL NUMBER | |
| control field | 2868842 |
| 003 - CONTROL NUMBER IDENTIFIER | |
| control field | OSt |
| 005 - DATE AND TIME OF LATEST TRANSACTION | |
| control field | 20170605213317.0 |
| 008 - FIXED-LENGTH DATA ELEMENTS--GENERAL INFORMATION | |
| fixed length control field | 860214s1984 fr b 000 0 fre |
| 010 ## - LIBRARY OF CONGRESS CONTROL NUMBER | |
| LC control number | 85191447 |
| 020 ## - INTERNATIONAL STANDARD BOOK NUMBER | |
| International Standard Book Number | 9782080702067 |
| 027 ## - STANDARD TECHNICAL REPORT NUMBER | |
| Qualifying information | DLC |
| 040 ## - CATALOGING SOURCE | |
| Original cataloging agency | MMU |
| Transcribing agency | MMU |
| Modifying agency | MMU |
| Language of cataloging | eng |
| 050 00 - LIBRARY OF CONGRESS CALL NUMBER | |
| Classification number | PQ2605.B655 1969 |
| Item number | A85 1984 |
| 082 00 - DEWEY DECIMAL CLASSIFICATION NUMBER | |
| Classification number | 194 |
| Edition number | 19 |
| 100 1# - MAIN ENTRY--PERSONAL NAME | |
| Personal name | Claudel, Paul, |
| Dates associated with a name | 1868-1955. |
| 245 10 - TITLE STATEMENT | |
| Title | Art poétique / |
| Statement of responsibility, etc. | Paul Claudel ; édition présentée et annotée par Gilbert Gadoffre. |
| 260 ## - PUBLICATION, DISTRIBUTION, ETC. (IMPRINT) | |
| Place of publication, distribution, etc. | [Paris] : |
| Name of publisher, distributor, etc. | Gallimard, |
| Date of publication, distribution, etc. | c1984. |
| 300 ## - PHYSICAL DESCRIPTION | |
| Extent | 179 p. ; |
| Dimensions | 18 cm. |
| 490 0# - SERIES STATEMENT | |
| Series statement | Collection Poésie ; |
| Volume/sequential designation | 192 |
| 504 ## - BIBLIOGRAPHY, ETC. NOTE | |
| Bibliography, etc | Bibliography: p. [159]-179. |
| 505 0# - FORMATTED CONTENTS NOTE | |
| Formatted contents note | Connaissance du temps -- Traité de la co-naissance au monde et de soi-même -- Développement de l'Eglise. |
| 906 ## - LOCAL DATA ELEMENT F, LDF (RLIN) | |
| a | 7 |
| b | cbc |
| c | orignew |
| d | 4 |
| e | ncip |
| f | 19 |
| g | y-gencatlg |
| 942 ## - ADDED ENTRY ELEMENTS (KOHA) | |
| Source of classification or shelving scheme | Library of Congress Classification |
| Koha item type | L |
| Withdrawn status | Lost status | Source of classification or shelving scheme | Damaged status | Not for loan | Home library | Current library | Date acquired | Source of acquisition | Total Checkouts | Full call number | Barcode | Date last seen | Price effective from | Koha item type |
|---|---|---|---|---|---|---|---|---|---|---|---|---|---|---|
| Library of Congress Classification | Maasai Mara University Library -Main Campus | Maasai Mara University Library -Main Campus | 06/05/2017 | Donation-T4C | PQ2605.B655 1969 | 17034135 | 06/05/2017 | 06/05/2017 | L |